[Event "I Magistral Vila de Canovelles 2008"]
[Site "Canovelles ESP"]
[Date "2008.09.13"]
[Round "1.2"]
[White "Almeida Quintana, Omar"]
[Black "Jerez Perez, Alfonso"]
[Result "1-0"]
[WhiteElo "2524"]
[BlackElo "2410"]
[PlyCount "107"]
[EventDate "2008.09.13"]
[EventType "tourn"]
[EventRounds "9"]
[EventCountry "ESP"]
[EventCategory "8"]
[Source "lmi"]
[SourceDate "2008.09.13"]

1. d4 Nf6 2. c4 g6 3. Nc3 d5 4. Bf4 Bg7 5. e3 c5 6. dxc5 Qa5 7. Rc1 dxc4 8.
Bxc4 O-O 9. a3 Nc6 10. Nge2 Qxc5 11. Nb5 Qh5 12. b4 Bd7 13. Qb3 Rac8 14. O-O a6
15. Nbc3 b5 16. Bd5 Nxd5 17. Qxd5 Be6 18. Qxh5 gxh5 19. Rfd1 Rfd8 20. f3 Bc4
21. Kf2 Ne5 22. Bxe5 Bxe5 23. Nd4 e6 24. Ne4 Kg7 25. Nc5 Bf6 26. f4 Kg6 27. Kf3
Rd5 28. Nxa6 Rcd8 29. Nc5 Bxd4 30. Rxd4 Rxd4 31. exd4 Rxd4 32. Ke3 e5 33. fxe5
Rg4 34. Rc2 Kf5 35. e6 fxe6 36. Rf2+ Ke5 37. Nd7+ Kd6 38. Nf6 Rg6 39. Nxh5 Ke7
40. h3 Rg8 41. Nf6 Rg3+ 42. Kf4 Rxa3 43. Nxh7 Rb3 44. Ng5 Bd5 45. Ke5 Rg3 46.
Rf7+ Ke8 47. Rg7 Bxg2 48. h4 Rg4 49. h5 Rh4 50. Kd6 Rd4+ 51. Kxe6 Kf8 52. h6
Bd5+ 53. Ke5 Rd1 54. Nh7+ 1-0

[Event "I Magistral Vila de Canovelles 2008"]
[Site "Canovelles ESP"]
[Date "2008.09.13"]
[Round "1.3"]
[White "Rojas, Luis"]
[Black "Hernando Rodrigo, Jose Maria"]
[Result "0-1"]
[WhiteElo "2406"]
[BlackElo "2377"]
[PlyCount "80"]
[EventDate "2008.09.13"]
[EventType "tourn"]
[EventRounds "9"]
[EventCountry "ESP"]
[EventCategory "8"]
[Source "lmi"]
[SourceDate "2008.09.13"]

1. e4 e6 2. d4 d5 3. e5 c5 4. c3 Nc6 5. Nf3 Nh6 6. dxc5 Bxc5 7. b4 Bb6 8. b5
Ne7 9. Bd3 Ng6 10. O-O Ng4 11. Bxg6 hxg6 12. h3 Nh6 13. Ba3 g5 14. Nd4 Bd7 15.
Nd2 g4 16. N2b3 gxh3 17. g3 Qg5 18. Qe2 Rc8 19. Bb4 Nf5 20. Kh2 Rc4 21. Nd2
Rxd4 22. Nf3 Qg4 23. Nxd4 Qxe2 24. Nxe2 Bxb5 25. Rae1 g5 26. a4 Bxa4 27. Nd4
Nxd4 28. cxd4 Bb5 29. Rh1 Bxd4 30. Rc1 Bc4 31. Bd6 Bxf2 32. Rhf1 Be3 33. Rc3
Bd4 34. Rc2 Rh7 35. Rd1 Be3 36. Rb1 b5 37. Ra1 Bb6 38. Ra6 b4 39. Ra1 a5 40.
Rd2 Kd7 0-1

[Event "I Magistral Vila de Canovelles 2008"]
[Site "Canovelles ESP"]
[Date "2008.09.13"]
[Round "1.4"]
[White "Pogorelov, Ruslan"]
[Black "Cruz, Filemon"]
[Result "0-1"]
[WhiteElo "2459"]
[BlackElo "2416"]
[PlyCount "56"]
[EventDate "2008.09.13"]
[EventType "tourn"]
[EventRounds "9"]
[EventCountry "ESP"]
[EventCategory "8"]
[Source "lmi"]
[SourceDate "2008.09.13"]

1. Nf3 d5 2. d4 c6 3. c4 Nf6 4. Nc3 a6 5. e3 b5 6. c5 Bg4 7. Bd2 Nbd7 8. b4 e5
9. h3 Bxf3 10. Qxf3 g6 11. g4 Bg7 12. Bg2 O-O 13. O-O h5 14. Qg3 hxg4 15. hxg4
Nh7 16. Ne2 Ng5 17. f4 exf4 18. exf4 Re8 19. Rae1 Ne4 20. Bxe4 Rxe4 21. f5 Nf6
22. Bg5 Qd7 23. Nf4 Nh7 24. Rxe4 dxe4 25. Nh3 Nxg5 26. Nxg5 Qxd4+ 27. Kg2 Qd2+
28. Rf2 Qxg5 0-1

[Event "I Magistral Vila de Canovelles 2008"]
[Site "Canovelles ESP"]
[Date "2008.09.13"]
[Round "1.5"]
[White "Lorenzo De La Riva, Lazaro"]
[Black "Cruz, Cristhian"]
[Result "1/2-1/2"]
[WhiteElo "2367"]
[BlackElo "2508"]
[PlyCount "56"]
[EventDate "2008.09.13"]
[EventType "tourn"]
[EventRounds "9"]
[EventCountry "ESP"]
[EventCategory "8"]
[Source "lmi"]
[SourceDate "2008.09.13"]

1. e4 c5 2. Nf3 d6 3. d4 Nf6 4. Nc3 cxd4 5. Nxd4 a6 6. Bg5 e6 7. f4 Qb6 8. Qd2
Qxb2 9. Nb3 Qa3 10. Bxf6 gxf6 11. Be2 Nc6 12. O-O Bd7 13. Kh1 Rc8 14. Nd1 h5
15. Ne3 Qb4 16. c3 Qb6 17. Nc4 Qc7 18. Rad1 Nb8 19. Rf3 Bc6 20. Qe3 Nd7 21. Nd4
Be7 22. f5 Nc5 23. fxe6 fxe6 24. Nxc6 Qxc6 25. Nxd6+ Bxd6 26. Rxf6 Qxe4 27.
Qxe4 Nxe4 28. Rxe6+ Be7 1/2-1/2

[Event "I Magistral Vila de Canovelles 2008"]
[Site "Canovelles ESP"]
[Date "2008.09.14"]
[Round "2.1"]
[White "Lariño Nieto, David"]
[Black "Cruz, Cristhian"]
[Result "1/2-1/2"]
[WhiteElo "2427"]
[BlackElo "2508"]
[PlyCount "68"]
[EventDate "2008.09.13"]
[EventType "tourn"]
[EventRounds "9"]
[EventCountry "ESP"]
[EventCategory "8"]
[Source "lmi"]
[SourceDate "2008.09.13"]

1. e4 c5 2. Nc3 Nc6 3. g3 g6 4. Bg2 Bg7 5. d3 d6 6. f4 e6 7. Nf3 Nge7 8. O-O
O-O 9. Be3 Nd4 10. Bf2 Nxf3+ 11. Qxf3 Nc6 12. Qd1 Rb8 13. e5 dxe5 14. Bxc5 Re8
15. fxe5 Bxe5 16. Qf3 f5 17. Qe3 Bd4 18. Bxd4 Qxd4 19. Rae1 Qxe3+ 20. Rxe3 Nd4
21. Rc1 Bd7 22. Ne2 Nxe2+ 23. Rxe2 Rec8 24. d4 Bc6 25. Rce1 Kf7 26. c3 Bxg2 27.
Kxg2 Rc6 28. Re5 Rd8 29. Rb5 b6 30. Re3 Kf6 31. a4 Rd5 32. Rxd5 exd5 33. Re5
Re6 34. Rxe6+ Kxe6 1/2-1/2

[Event "I Magistral Vila de Canovelles 2008"]
[Site "Canovelles ESP"]
[Date "2008.09.14"]
[Round "2.3"]
[White "Hernando Rodrigo, Jose Maria"]
[Black "Pogorelov, Ruslan"]
[Result "1/2-1/2"]
[WhiteElo "2377"]
[BlackElo "2459"]
[PlyCount "57"]
[EventDate "2008.09.13"]
[EventType "tourn"]
[EventRounds "9"]
[EventCountry "ESP"]
[EventCategory "8"]
[Source "lmi"]
[SourceDate "2008.09.13"]

1. d4 e6 2. e4 d5 3. Bd3 dxe4 4. Bxe4 Nf6 5. Bf3 c5 6. Ne2 Nc6 7. Be3 cxd4 8.
Nxd4 Ne5 9. O-O a6 10. c4 Qc7 11. Be2 Bd6 12. Nc3 Ng6 13. g3 Bd7 14. Qd2 O-O
15. Rfd1 Be7 16. Nb3 Rfd8 17. Qd4 Bc6 18. Qb6 Rxd1+ 19. Rxd1 Bd8 20. Qxc7 Bxc7
21. Nd4 Be8 22. Bf3 Rb8 23. b3 Ne7 24. Nde2 Bc6 25. Bxc6 Nxc6 26. Bf4 Bxf4 27.
Nxf4 Kf8 28. Nd3 Rd8 29. Nc5 1/2-1/2

[Event "I Magistral Vila de Canovelles 2008"]
[Site "Canovelles ESP"]
[Date "2008.09.14"]
[Round "2.4"]
[White "Jerez Perez, Alfonso"]
[Black "Rojas, Luis"]
[Result "0-1"]
[WhiteElo "2410"]
[BlackElo "2406"]
[PlyCount "106"]
[EventDate "2008.09.13"]
[EventType "tourn"]
[EventRounds "9"]
[EventCountry "ESP"]
[EventCategory "8"]
[Source "lmi"]
[SourceDate "2008.09.13"]

1. e4 e6 2. d4 d5 3. Nc3 Bb4 4. e5 Ne7 5. Bd2 b6 6. Bb5+ c6 7. Ba4 O-O 8. Nce2
Bxd2+ 9. Qxd2 c5 10. c3 Nbc6 11. Nf3 Ba6 12. O-O Rc8 13. Rfc1 Ng6 14. Ng3 Nh4
15. Nxh4 Qxh4 16. f4 f6 17. dxc5 fxe5 18. Bxc6 Rxc6 19. fxe5 Rxc5 20. Re1 Rc4
21. Rad1 Rcf4 22. b3 h5 23. c4 dxc4 24. Qe2 Qg4 25. Qxg4 Rxg4 26. Nxh5 cxb3 27.
axb3 Bb7 28. Ng3 Bd5 29. Re3 Rc8 30. h3 Rb4 31. Nf5 Rc7 32. Nd4 a5 33. Rdd3 b5
34. Rg3 a4 35. bxa4 bxa4 36. Kh2 a3 37. Nxe6 Bxe6 38. Rxa3 Re4 39. Rae3 Rcc4
40. Rgf3 Bd5 41. Rxe4 Rxe4 42. Rf2 Rxe5 43. Rb2 Kf7 44. Rf2+ Ke6 45. Rc2 Re3
46. Rc7 Kf6 47. Rc2 Rd3 48. Rf2+ Ke5 49. Re2+ Be4 50. Rb2 Rc3 51. Rb5+ Kf4 52.
h4 Rc2 53. Rg5 Rxg2+ 0-1

[Event "I Magistral Vila de Canovelles 2008"]
[Site "Canovelles ESP"]
[Date "2008.09.14"]
[Round "2.5"]
[White "Rodriguez Vila, Andres"]
[Black "Almeida Quintana, Omar"]
[Result "0-1"]
[WhiteElo "2531"]
[BlackElo "2524"]
[PlyCount "82"]
[EventDate "2008.09.13"]
[EventType "tourn"]
[EventRounds "9"]
[EventCountry "ESP"]
[EventCategory "8"]
[Source "lmi"]
[SourceDate "2008.09.13"]

1. e4 g6 2. d4 Bg7 3. Be3 d6 4. Nc3 a6 5. f4 b5 6. Bd3 Nd7 7. Nf3 Bb7 8. e5 c5
9. Be4 Bxe4 10. Nxe4 Nh6 11. dxc5 Ng4 12. Qe2 dxe5 13. O-O-O Qc7 14. fxe5 Ndxe5
15. Bd4 O-O 16. h3 Nxf3 17. Bxg7 Kxg7 18. hxg4 Qf4+ 19. Kb1 Ng5 20. Nf2 Rac8
21. g3 Qc7 22. Nd3 e5 23. Nb4 f6 24. Rd5 Rf7 25. Nxa6 Qa5 26. Rd6 Ra8 27. b4
Qa4 28. Qh2 Kg8 29. Qh6 Ne4 30. Rc6 Qa3 31. c3 Nxc3+ 32. Kc2 Nd5 33. Qd2 Qxa2+
34. Kd1 Qa1+ 35. Qc1 Rxa6 36. Rxa6 Qxa6 37. Rh2 Qa4+ 38. Ke1 Qxb4+ 39. Rd2 Rc7
40. c6 Qc3 41. Qb1 Qe3+ 0-1

[Event "I Magistral Vila de Canovelles 2008"]
[Site "Canovelles ESP"]
[Date "2008.09.15"]
[Round "3.1"]
[White "Almeida Quintana, Omar"]
[Black "Lariño Nieto, David"]
[Result "1-0"]
[WhiteElo "2524"]
[BlackElo "2427"]
[PlyCount "69"]
[EventDate "2008.09.13"]
[EventType "tourn"]
[EventRounds "9"]
[EventCountry "ESP"]
[EventCategory "8"]
[Source "lmi"]
[SourceDate "2008.09.13"]

1. d4 e6 2. c4 d5 3. Nf3 c5 4. cxd5 exd5 5. g3 Nc6 6. Bg2 Nf6 7. O-O Be7 8. Nc3
O-O 9. Be3 c4 10. Ne5 Bf5 11. Bg5 Ne4 12. Bxe4 Bxe4 13. Bxe7 Qxe7 14. f3 Nxe5
15. dxe5 Bf5 16. Qd4 Be6 17. Rad1 Rfd8 18. f4 Qd7 19. Rd2 b5 20. Rfd1 Qc6 21.
e4 b4 22. Nxd5 Qb5 23. f5 Bxd5 24. exd5 Rac8 25. e6 c3 26. bxc3 bxc3 27. Rc2
Rc4 28. Qxa7 fxe6 29. fxe6 Rcc8 30. Qf7+ Kh8 31. e7 Re8 32. d6 Qd7 33. Rd5 h6
34. Qf5 Qa7+ 35. Kg2 1-0

[Event "I Magistral Vila de Canovelles 2008"]
[Site "Canovelles ESP"]
[Date "2008.09.15"]
[Round "3.2"]
[White "Rojas, Luis"]
[Black "Rodriguez Vila, Andres"]
[Result "0-1"]
[WhiteElo "2406"]
[BlackElo "2531"]
[PlyCount "64"]
[EventDate "2008.09.13"]
[EventType "tourn"]
[EventRounds "9"]
[EventCountry "ESP"]
[EventCategory "8"]
[Source "lmi"]
[SourceDate "2008.09.13"]

1. e4 e6 2. d4 d5 3. e5 c5 4. c3 Bd7 5. Nf3 Nc6 6. Be2 Qb6 7. O-O Nh6 8. dxc5
Bxc5 9. b4 Be7 10. b5 Na5 11. Nd4 Qc7 12. Bh5 Qxe5 13. Re1 Qf6 14. Nf3 Nc4 15.
h3 g6 16. Bxh6 gxh5 17. Bg5 Qf5 18. Bxe7 Kxe7 19. Nd4 Qg5 20. Nf3 Qf5 21. Nd4
Qg6 22. Qf3 Kf8 23. a4 Rg8 24. Nb3 Rc8 25. Ra2 Ne5 26. Qg3 Nd3 27. Re3 Nf4 28.
Qxg6 Rxg6 29. Rg3 e5 30. Rd2 Bf5 31. Na3 h4 32. Rxg6 hxg6 0-1

[Event "I Magistral Vila de Canovelles 2008"]
[Site "Canovelles ESP"]
[Date "2008.09.15"]
[Round "3.3"]
[White "Pogorelov, Ruslan"]
[Black "Jerez Perez, Alfonso"]
[Result "1-0"]
[WhiteElo "2459"]
[BlackElo "2410"]
[PlyCount "113"]
[EventDate "2008.09.13"]
[EventType "tourn"]
[EventRounds "9"]
[EventCountry "ESP"]
[EventCategory "8"]
[Source "lmi"]
[SourceDate "2008.09.13"]

1. Nf3 Nf6 2. c4 g6 3. Nc3 d5 4. cxd5 Nxd5 5. e4 Nxc3 6. bxc3 Bg7 7. d4 c5 8.
Rb1 O-O 9. Be2 cxd4 10. cxd4 Qa5+ 11. Qd2 Qxd2+ 12. Bxd2 b6 13. O-O Bb7 14. d5
Rc8 15. Rfc1 Nd7 16. Bb4 Bf8 17. Nd4 e5 18. dxe6 fxe6 19. Bxf8 Nxf8 20. f3 Kf7
21. Nb5 Ke7 22. Rxc8 Bxc8 23. Rc1 Bd7 24. e5 Bxb5 25. Bxb5 Kd8 26. f4 Rc8 27.
Rxc8+ Kxc8 28. Kf2 Kd8 29. Kg3 Ke7 30. Kg4 Kf7 31. Kg5 Kg7 32. Be8 h6+ 33. Kg4
Nh7 34. h4 Nf8 35. g3 Nh7 36. Kf3 g5 37. fxg5 hxg5 38. h5 g4+ 39. Kxg4 Kh6 40.
Kf4 Ng5 41. g4 Nh3+ 42. Kg3 Ng5 43. Bd7 Ne4+ 44. Kf4 Ng5 45. Ke3 Kg7 46. Bc8
Kh6 47. Kd3 Nf3 48. Bxe6 Nxe5+ 49. Kd4 Nc6+ 50. Kc4 Kg5 51. Bf5 a6 52. Bc8 Ne5+
53. Kd5 Nd3 54. a3 a5 55. Kc6 Nb2 56. Kb5 Kf6 57. h6 1-0

[Event "I Magistral Vila de Canovelles 2008"]
[Site "Canovelles ESP"]
[Date "2008.09.15"]
[Round "3.4"]
[White "Lorenzo De La Riva, Lazaro"]
[Black "Hernando Rodrigo, Jose Maria"]
[Result "1-0"]
[WhiteElo "2367"]
[BlackElo "2377"]
[PlyCount "84"]
[EventDate "2008.09.13"]
[EventType "tourn"]
[EventRounds "9"]
[EventCountry "ESP"]
[EventCategory "8"]
[Source "lmi"]
[SourceDate "2008.09.13"]

1. e4 e6 2. d4 d5 3. e5 c5 4. c3 Nc6 5. Nf3 Nh6 6. a3 Nf5 7. b4 cxd4 8. cxd4
Qb6 9. Bb2 Be7 10. Bd3 a5 11. b5 a4 12. Bxf5 exf5 13. Nc3 Be6 14. Rb1 Na5 15.
Qxa4 O-O 16. O-O Nc4 17. Qb3 Qa5 18. a4 Rfc8 19. Bc1 Na3 20. Bd2 Nxb1 21. Rxb1
Qd8 22. Ne2 g5 23. a5 f4 24. Ne1 Rxa5 25. Bxa5 Qxa5 26. Qd3 Rc4 27. h4 Rb4 28.
hxg5 Rxb1 29. Qxb1 Qd2 30. Kf1 Bg4 31. Nf3 Bxf3 32. gxf3 Bxg5 33. Qf5 h6 34. e6
fxe6 35. Qxe6+ Kg7 36. Kg2 Qd3 37. Qe5+ Kg6 38. b6 Qf5 39. Qc7 Qe6 40. Qxb7
Qxe2 41. Qc6+ Bf6 42. b7 Qb2 1-0

[Event "I Magistral Vila de Canovelles 2008"]
[Site "Canovelles ESP"]
[Date "2008.09.15"]
[Round "3.5"]
[White "Cruz, Cristhian"]
[Black "Cruz, Filemon"]
[Result "1/2-1/2"]
[WhiteElo "2508"]
[BlackElo "2416"]
[PlyCount "52"]
[EventDate "2008.09.13"]
[EventType "tourn"]
[EventRounds "9"]
[EventCountry "ESP"]
[EventCategory "8"]
[Source "lmi"]
[SourceDate "2008.09.13"]

1. d4 g6 2. Nf3 Bg7 3. e4 d6 4. Be2 Nf6 5. Nc3 c5 6. dxc5 Qa5 7. O-O Qxc5 8.
Be3 Qa5 9. Nd4 Nc6 10. Nb3 Qd8 11. f4 O-O 12. Bf3 Bd7 13. Qe2 Qb8 14. Rad1 Rc8
15. g4 Ne8 16. e5 Be6 17. exd6 Nxd6 18. Nd5 Bxd5 19. Bxd5 Nb4 20. Bc5 Nxd5 21.
Rxd5 Qc7 22. c3 Qd7 23. Rfd1 Re8 24. Bd4 Rac8 25. Bxg7 Kxg7 26. Nc5 Qc6 1/2-1/2

[Event "I Magistral Vila de Canovelles 2008"]
[Site "Canovelles ESP"]
[Date "2008.09.16"]
[Round "4.1"]
[White "Lariño Nieto, David"]
[Black "Cruz, Filemon"]
[Result "1-0"]
[WhiteElo "2427"]
[BlackElo "2416"]
[PlyCount "171"]
[EventDate "2008.09.13"]
[EventType "tourn"]
[EventRounds "9"]
[EventCountry "ESP"]
[EventCategory "8"]
[Source "lmi"]
[SourceDate "2008.09.13"]

1. e4 c5 2. Nf3 d6 3. d4 cxd4 4. Qxd4 Nc6 5. Bb5 Bd7 6. Bxc6 Bxc6 7. Nc3 Nf6 8.
Bg5 h6 9. Bxf6 gxf6 10. Nd5 Rg8 11. O-O-O Rxg2 12. Nh4 Rg4 13. Nf5 Bxd5 14.
Qxd5 Qb6 15. f3 Rg2 16. Rd2 e6 17. Nxd6+ Bxd6 18. Qxd6 Qxd6 19. Rxd6 Rd8 20.
Rxd8+ Kxd8 21. Rd1+ Ke7 22. Rd2 Rg1+ 23. Rd1 Rg5 24. Rd2 f5 25. e5 h5 26. b4
Rg1+ 27. Rd1 Rg2 28. Rd2 Rg1+ 29. Rd1 Rxd1+ 30. Kxd1 b5 31. Kd2 f6 32. f4 fxe5
33. fxe5 Kd7 34. Kd3 Kc6 35. Kd4 a6 36. h4 Kb6 37. c4 bxc4 38. Kxc4 f4 39. a4
f3 40. Kd3 Kc6 41. Ke3 Kd5 42. a5 Kc4 43. Kxf3 Kxb4 44. Kf4 Kxa5 45. Kg5 Kb4
46. Kxh5 a5 47. Kg6 a4 48. h5 a3 49. h6 a2 50. h7 a1=Q 51. h8=Q Kc5 52. Qf8+
Kd5 53. Qf3+ Kd4 54. Kf6 Qa6 55. Qd1+ Ke4 56. Qe1+ Kd5 57. Qd2+ Ke4 58. Qd1 Qc8
59. Qe2+ Kd4 60. Qd2+ Ke4 61. Qb4+ Ke3 62. Ke7 Qg8 63. Kd7 Qg6 64. Qc3+ Kf4 65.
Qd4+ Kf3 66. Kd6 Qe8 67. Qh4 Qb8+ 68. Kxe6 Qg8+ 69. Ke7 Qg7+ 70. Kd6 Qf8+ 71.
Qe7 Qb8+ 72. Ke6 Qc8+ 73. Kf7 Ke4 74. e6 Qh8 75. Qf6 Qh7+ 76. Kf8 Qa7 77. e7
Qc5 78. Kg7 Qc7 79. Qf7 Qe5+ 80. Kh6 Qh2+ 81. Qh5 Qd2+ 82. Kh7 Qd7 83. Kh8 Qd4+
84. Kg8 Qg1+ 85. Kh7 Qa7 86. Qf7 1-0

[Event "I Magistral Vila de Canovelles 2008"]
[Site "Canovelles ESP"]
[Date "2008.09.16"]
[Round "4.3"]
[White "Jerez Perez, Alfonso"]
[Black "Lorenzo De La Riva, Lazaro"]
[Result "1/2-1/2"]
[WhiteElo "2410"]
[BlackElo "2367"]
[PlyCount "35"]
[EventDate "2008.09.13"]
[EventType "tourn"]
[EventRounds "9"]
[EventCountry "ESP"]
[EventCategory "8"]
[Source "lmi"]
[SourceDate "2008.09.13"]

1. e4 c5 2. Nf3 Nc6 3. c3 Nf6 4. e5 Nd5 5. g3 d6 6. exd6 Qxd6 7. Bg2 Bg4 8. O-O
e6 9. Qa4 Bxf3 10. Bxf3 Be7 11. Na3 O-O 12. d4 cxd4 13. Nb5 Qc5 14. cxd4 Qb4
15. Qxb4 Ndxb4 16. Be3 Rfd8 17. a3 Nd5 18. Bxd5 1/2-1/2

[Event "I Magistral Vila de Canovelles 2008"]
[Site "Canovelles ESP"]
[Date "2008.09.16"]
[Round "4.4"]
[White "Rodriguez Vila, Andres"]
[Black "Pogorelov, Ruslan"]
[Result "1-0"]
[WhiteElo "2531"]
[BlackElo "2459"]
[PlyCount "61"]
[EventDate "2008.09.13"]
[EventType "tourn"]
[EventRounds "9"]
[EventCountry "ESP"]
[EventCategory "8"]
[Source "lmi"]
[SourceDate "2008.09.13"]

1. e4 c5 2. Nc3 Nc6 3. Nge2 e6 4. d4 cxd4 5. Nxd4 Qc7 6. g3 a6 7. Bg2 Nf6 8.
O-O Be7 9. Re1 Nxd4 10. Qxd4 Bc5 11. Bf4 d6 12. Qd1 e5 13. Bg5 Ng4 14. Re2 Be6
15. Nd5 Bxd5 16. Qxd5 h6 17. Bc1 O-O 18. Qd3 Rae8 19. Qf3 Qd7 20. h3 Nxf2 21.
Rxf2 Bxf2+ 22. Qxf2 f5 23. exf5 Rxf5 24. Qe3 d5 25. Qd3 d4 26. Qb3+ Rf7 27. Bd5
Ref8 28. Be6 Qc6 29. Bd2 d3 30. Rf1 Qc5+ 31. Kg2 1-0

[Event "I Magistral Vila de Canovelles 2008"]
[Site "Canovelles ESP"]
[Date "2008.09.16"]
[Round "4.5"]
[White "Almeida Quintana, Omar"]
[Black "Rojas, Luis"]
[Result "1-0"]
[WhiteElo "2524"]
[BlackElo "2406"]
[PlyCount "107"]
[EventDate "2008.09.13"]
[EventType "tourn"]
[EventRounds "9"]
[EventCountry "ESP"]
[EventCategory "8"]
[Source "lmi"]
[SourceDate "2008.09.13"]

1. d4 Nf6 2. c4 e6 3. Nf3 c5 4. d5 d6 5. Nc3 exd5 6. cxd5 g6 7. h3 a6 8. a4 Qe7
9. Bf4 Nbd7 10. e3 Bg7 11. Be2 O-O 12. O-O Ne5 13. Nxe5 dxe5 14. Bh2 Bd7 15.
Qb3 Rfc8 16. Rfd1 Rab8 17. d6 Qe8 18. a5 Rc6 19. Na4 Bf8 20. Qc3 Rxd6 21. Nxc5
Rc8 22. Rxd6 Bxd6 23. Nxd7 Qxd7 24. Bc4 Qf5 25. Rc1 Rc7 26. b3 Ne4 27. Qc2 Rc5
28. Rd1 Be7 29. Rd5 Bh4 30. g3 Bg5 31. Kg2 Rxd5 32. Bxd5 Nd6 33. Qxf5 gxf5 34.
g4 fxg4 35. hxg4 Bf6 36. f4 exf4 37. Bxf4 Be7 38. e4 Nb5 39. Bxb7 Bb4 40. Bxa6
Nd4 41. Bc4 Bxa5 42. Bh6 Nc6 43. Kf2 Ne5 44. Be2 f6 45. Ke3 Kf7 46. Kd4 Kg6 47.
Bf4 Nc6+ 48. Kc5 Ne5 49. b4 Bc7 50. Kd5 Kf7 51. b5 Ke7 52. g5 Kf7 53. Bf1 Kg6
54. Bh3 1-0

[Event "I Magistral Vila de Canovelles 2008"]
[Site "Canovelles ESP"]
[Date "2008.09.17"]
[Round "5.1"]
[White "Rojas, Luis"]
[Black "Lariño Nieto, David"]
[Result "1/2-1/2"]
[WhiteElo "2406"]
[BlackElo "2427"]
[PlyCount "115"]
[EventDate "2008.09.13"]
[EventType "tourn"]
[EventRounds "9"]
[EventCountry "ESP"]
[EventCategory "8"]
[Source "lmi"]
[SourceDate "2008.09.13"]

1. e4 e6 2. d4 d5 3. e5 c5 4. c3 Nc6 5. Nf3 Nh6 6. a3 Nf5 7. b4 cxd4 8. cxd4
Qb6 9. Be3 Be7 10. Bd3 Nxe3 11. fxe3 f6 12. exf6 Bxf6 13. O-O Nxd4 14. Nxd4
Bxd4 15. Bb5+ Qxb5 16. Qxd4 Qd7 17. Nd2 Rf8 18. Rxf8+ Kxf8 19. Nf3 Kg8 20. Ne5
Qc7 21. Rf1 Bd7 22. Rf7 Qc1+ 23. Kf2 Qc2+ 24. Kg3 Be8 25. Rxb7 a6 26. Qg4 Bg6
27. Qxe6+ Kh8 28. Nxg6+ hxg6 29. Qh3+ Kg8 30. Qd7 Qc3 31. Qxd5+ Kh7 32. Qd4
Qe1+ 33. Kh3 Rg8 34. Qh4+ Qxh4+ 35. Kxh4 Re8 36. Rb6 Re4+ 37. Kg5 a5 38. bxa5
Rxe3 39. a6 Rxa3 40. Kf4 Kh6 41. Ke5 Ra2 42. Kd6 Rxg2 43. a7 Ra2 44. Rb7 Kh5
45. Kc7 Kg4 46. Kb8 Rxh2 47. Rxg7 g5 48. a8=Q Rh8+ 49. Kb7 Rxa8 50. Kxa8 Kf4
51. Kb7 g4 52. Kc6 g3 53. Kd5 Kf3 54. Rf7+ Ke3 55. Re7+ Kf2 56. Rf7+ Ke3 57.
Rg7 Kf2 58. Rxg3 1/2-1/2

[Event "I Magistral Vila de Canovelles 2008"]
[Site "Canovelles ESP"]
[Date "2008.09.17"]
[Round "5.2"]
[White "Pogorelov, Ruslan"]
[Black "Almeida Quintana, Omar"]
[Result "1/2-1/2"]
[WhiteElo "2459"]
[BlackElo "2524"]
[PlyCount "104"]
[EventDate "2008.09.13"]
[EventType "tourn"]
[EventRounds "9"]
[EventCountry "ESP"]
[EventCategory "8"]
[Source "lmi"]
[SourceDate "2008.09.13"]

1. Nf3 g6 2. c4 Bg7 3. d4 d6 4. e4 Bg4 5. Be2 c5 6. d5 Bxf3 7. Bxf3 Nf6 8. O-O
O-O 9. Nc3 Ne8 10. Bg5 Nd7 11. Qd2 Nc7 12. Rab1 Re8 13. Be2 Qb8 14. f4 e6 15.
f5 Bd4+ 16. Kh1 exf5 17. exf5 f6 18. Bf4 Ne5 19. fxg6 hxg6 20. Bxe5 Bxe5 21.
Qh6 Re7 22. Ne4 Qf8 23. Qxg6+ Qg7 24. Qf5 Qh6 25. h3 Rf8 26. Bg4 Ne8 27. Qf3
Ng7 28. Ng3 Qg6 29. Nf5 Nxf5 30. Bxf5 Qg5 31. Rbe1 Kh8 32. Re4 Rg7 33. Rg4 Qh6
34. Rxg7 Kxg7 35. Qb3 Rf7 36. Be6 Re7 37. Qf3 Kh8 38. b3 Rg7 39. Bg4 Qh4 40.
Kg1 Bd4+ 41. Kh2 Be5+ 42. Kg1 Bd4+ 43. Kh2 Be5+ 44. Kh1 Rg6 45. Kg1 Bd4+ 46.
Kh2 Be5+ 47. g3 Qh6 48. Kg2 Rg8 49. Rf2 Qg5 50. Qf5 Qe3 51. Qf3 Qg5 52. Qf5 Qe3
1/2-1/2

[Event "I Magistral Vila de Canovelles 2008"]
[Site "Canovelles ESP"]
[Date "2008.09.17"]
[Round "5.3"]
[White "Lorenzo De La Riva, Lazaro"]
[Black "Rodriguez Vila, Andres"]
[Result "0-1"]
[WhiteElo "2367"]
[BlackElo "2531"]
[PlyCount "91"]
[EventDate "2008.09.13"]
[EventType "tourn"]
[EventRounds "9"]
[EventCountry "ESP"]
[EventCategory "8"]
[Source "lmi"]
[SourceDate "2008.09.13"]

1. e4 e6 2. d4 d5 3. Nd2 Nf6 4. e5 Nfd7 5. Bd3 c5 6. c3 Nc6 7. Ngf3 Qb6 8. O-O
Be7 9. dxc5 Nxc5 10. Bc2 a5 11. Re1 Bd7 12. Rb1 Qa7 13. Nf1 b5 14. Nd4 Rb8 15.
Qg4 g6 16. Bh6 b4 17. Ng3 Nxd4 18. cxd4 b3 19. axb3 Nxb3 20. Ne2 a4 21. Red1
Rb4 22. Bxb3 Rxb3 23. Nc1 Rb4 24. Na2 Rc4 25. Rd3 Bb5 26. Qf4 Rg8 27. h4 Bc5
28. Rbd1 Bb6 29. Bg5 Rc7 30. Rc3 Bc4 31. Nc1 Ba5 32. Ra3 Bb5 33. Nd3 Rc4 34.
Nc5 h6 35. Bf6 Qxc5 36. Qxh6 Rxd4 37. Rxd4 Qxd4 38. Qh7 Rf8 39. Bg7 Qd1+ 40.
Kh2 Qh5 41. Qxh5 gxh5 42. Bxf8 Kxf8 43. Kg3 d4 44. f4 d3 45. Kf2 d2 46. Ra1 0-1

[Event "I Magistral Vila de Canovelles 2008"]
[Site "Canovelles ESP"]
[Date "2008.09.17"]
[Round "5.4"]
[White "Cruz, Cristhian"]
[Black "Jerez Perez, Alfonso"]
[Result "1-0"]
[WhiteElo "2508"]
[BlackElo "2410"]
[PlyCount "99"]
[EventDate "2008.09.13"]
[EventType "tourn"]
[EventRounds "9"]
[EventCountry "ESP"]
[EventCategory "8"]
[Source "lmi"]
[SourceDate "2008.09.13"]

1. d4 Nf6 2. c4 g6 3. Nc3 d5 4. Nf3 Bg7 5. Qb3 dxc4 6. Qxc4 O-O 7. e4 Na6 8.
Be2 c5 9. d5 e6 10. O-O exd5 11. exd5 Re8 12. Rd1 Bf5 13. h3 Ne4 14. Be3 Qb6
15. Na4 Qa5 16. Qb5 Qc7 17. Qb3 Bd7 18. Nc3 Nd6 19. Bf4 Bxc3 20. Bxa6 Bg7 21.
Bf1 b5 22. Rac1 Qb6 23. a4 Re4 24. Bxd6 Qxd6 25. axb5 Rb4 26. Qe3 Rc8 27. b3
Bxb5 28. Bxb5 Rxb5 29. Ng5 Qe5 30. Rd3 Qxe3 31. fxe3 Rcb8 32. Ne4 Rxb3 33. Rxb3
Rxb3 34. d6 Rd3 35. Rxc5 Bf8 36. Rc7 Kg7 37. d7 a5 38. Kf2 Bb4 39. Ke2 Rd5 40.
Ng5 Be7 41. Ne4 Bb4 42. Ra7 Be7 43. Nc3 Rd6 44. Nb5 Rb6 45. Nd4 a4 46. Kd3 a3
47. Kc4 Kf6 48. Rxa3 Rb4+ 49. Kd3 Rb7 50. Ra6+ 1-0

[Event "I Magistral Vila de Canovelles 2008"]
[Site "Canovelles ESP"]
[Date "2008.09.17"]
[Round "5.5"]
[White "Cruz, Filemon"]
[Black "Hernando Rodrigo, Jose Maria"]
[Result "0-1"]
[WhiteElo "2416"]
[BlackElo "2377"]
[PlyCount "54"]
[EventDate "2008.09.13"]
[EventType "tourn"]
[EventRounds "9"]
[EventCountry "ESP"]
[EventCategory "8"]
[Source "lmi"]
[SourceDate "2008.09.13"]

1. d4 d6 2. Nf3 g6 3. g3 Bg7 4. Bg2 f5 5. c4 Nf6 6. Nc3 O-O 7. O-O Qe8 8. d5
Na6 9. Nd4 Bd7 10. Rb1 c6 11. dxc6 bxc6 12. b4 Rc8 13. c5 dxc5 14. bxc5 Nxc5
15. Ba3 Nfe4 16. Nxe4 Nxe4 17. Rb7 c5 18. Qb3+ c4 19. Qe3 a5 20. Bxe4 fxe4 21.
Qxe4 Rf7 22. Rb6 Qd8 23. Ra6 Bh3 24. Ne6 Qd2 25. Bc1 Qd7 26. Ng5 Bf5 27. Nxf7
Bh3 0-1